Podniková ekonomika pre 1. ročník študijného odboru obchodná akadémia

Guardado en:
Detalles Bibliográficos
Autor principal: Orbánová, Darina
Otros Autores: Velichová, Ľudmila, Glatzová, Eva, Skladanová, Anna, Neumannová, Anna
Formato: Libro
Lenguaje:eslovaco
Publicado: Bratislava Slovenské pedagogické nakladateľstvo 2009
Edición:2. preprac. vyd.
Materias:
Etiquetas: Agregar Etiqueta
Sin Etiquetas, Sea el primero en etiquetar este registro!

MARC

LEADER 00000nam$a2200000$$$4500
001 0102124
005 20240502072118.5
020 |a 978-80-10-01660-0 
041 0 |a slo 
044 |a SK 
245 1 0 |a Podniková ekonomika pre 1. ročník študijného odboru obchodná akadémia  |c Darina Orbánová, Ľudmila Velichová 
250 |a 2. preprac. vyd. 
264 1 |a Bratislava  |b Slovenské pedagogické nakladateľstvo  |c 2009 
300 |a 239 s. 
610 2 0 |a hospodárstvo podnikové 
610 2 0 |a výroba 
610 2 0 |a obchod vnútorný 
610 2 0 |a obchod zahraničný 
610 2 0 |a styk platobný medzinárodný 
610 2 0 |a sústava daňová 
100 1 |a Orbánová, Darina 
700 1 |a Velichová, Ľudmila 
700 1 |a Glatzová, Eva 
700 1 |a Skladanová, Anna 
700 1 |a Neumannová, Anna